[Event "XXVIII Festival A"]
[Site "Arco ITA"]
[Date "2006.10.21"]
[Round "1"]
[White "Aagaard, Jacob"]
[Black "Kaserer, Hans-Peter"]
[Result "1-0"]
[WhiteElo "2464"]
[BlackElo "1989"]
[PlyCount "43"]
[EventDate "2006.10.21"]

1. e4 e5 2. Nf3 Nc6 3. Bb5 d6 4. O-O Nf6 5. d4 exd4 6. Nxd4 Bd7 7. Bxc6 bxc6 8.
c4 Be7 9. Nc3 O-O 10. b3 Ne8 11. Bb2 Qc8 12. f4 Qb7 13. Qd3 Bf6 14. Kh1 a5 15.
e5 dxe5 16. fxe5 Bxe5 17. Nf3 Bxc3 18. Bxc3 Qc8 19. Ne5 Be6 20. Nxc6 Qa6 21.
Qe4 a4 22. Qxe6 1-0

[Event "XXVIII Festival A"]
[Site "Arco ITA"]
[Date "2006.10.21"]
[Round "1"]
[White "Acunzo, Domenico"]
[Black "Kranebitter, Gerhard"]
[Result "0-1"]
[WhiteElo "1778"]
[BlackElo "2091"]
[PlyCount "70"]
[EventDate "2006.10.21"]

1. e4 e6 2. d4 d5 3. Nc3 Nf6 4. Bg5 Bb4 5. e5 h6 6. Bd2 Bxc3 7. bxc3 Ne4 8. Bd3
Nxd2 9. Qxd2 c5 10. Nf3 Nd7 11. O-O Qa5 12. Rfe1 c4 13. Bf1 Nb6 14. a4 Bd7 15.
Reb1 Bc6 16. Rb4 Nxa4 17. Qc1 b5 18. Qa3 Qc7 19. Nd2 a5 20. Rbb1 Qe7 21. Re1
Qxa3 22. Rxa3 b4 23. cxb4 axb4 24. Rg3 g6 25. f4 Ke7 26. Rge3 Nb6 27. g4 Ra2
28. f5 Rxc2 29. Nf3 gxf5 30. gxf5 b3 31. Nh4 Rg8+ 32. Kh1 Rg4 33. Rh3 b2 34.
f6+ Kd8 35. Nf5 Rc1 0-1

[Event "XXVIII Festival A"]
[Site "Arco ITA"]
[Date "2006.10.21"]
[Round "1"]
[White "Agostini, Guillermo"]
[Black "Pichler, Klaus"]
[Result "1-0"]
[WhiteElo "2010"]
[BlackElo "1596"]
[PlyCount "45"]
[EventDate "2006.10.21"]

1. d4 Nf6 2. c4 e5 3. dxe5 Ng4 4. Bf4 Nc6 5. Nf3 Bb4+ 6. Nbd2 Qe7 7. a3 Bc5 8.
e3 a5 9. Bg5 f6 10. exf6 Nxf6 11. Qc2 O-O 12. Bd3 Ra6 13. Ne4 Ne5 14. Nxe5 Qxe5
15. Bxf6 Raxf6 16. Nxf6+ Rxf6 17. O-O-O Rxf2 18. Qc3 Bxe3+ 19. Kb1 Bd4 20.
Bxh7+ Kxh7 21. Qxd4 Qxd4 22. Rxd4 Rxg2 23. Rh4+ 1-0

[Event "XXVIII Festival A"]
[Site "Arco ITA"]
[Date "2006.10.21"]
[Round "1"]
[White "Becker, Jonas"]
[Black "Happel, Hendrik A."]
[Result "0-1"]
[WhiteElo "1922"]
[BlackElo "2213"]
[PlyCount "64"]
[EventDate "2006.10.21"]

1. d4 Nf6 2. c4 c5 3. d5 e5 4. Nc3 d6 5. e4 Be7 6. Nf3 Nbd7 7. Be2 Nf8 8. O-O
Ng6 9. Ne1 Bd7 10. Nd3 a6 11. f4 exf4 12. Nxf4 Ne5 13. Qc2 O-O 14. b3 Rb8 15.
Bb2 b5 16. Nd1 bxc4 17. bxc4 Qe8 18. Nf2 Ba4 19. Qd2 Nfd7 20. Ng4 Bg5 21. Qc3
Rxb2 22. Qxb2 Nxg4 23. Bxg4 Bf6 24. Qe2 Bxa1 25. Rxa1 Qe5 26. Rf1 Nf6 27. Nd3
Qd4+ 28. Nf2 Rb8 29. Bf3 Rb2 30. Qd3 Rxf2 31. Qxd4 Rxf1+ 32. Kxf1 cxd4 0-1

[Event "XXVIII Festival A"]
[Site "Arco ITA"]
[Date "2006.10.21"]
[Round "1"]
[White "Bernardi, Ruben"]
[Black "Lupini, Stefano"]
[Result "0-1"]
[WhiteElo "2114"]
[BlackElo "1790"]
[PlyCount "106"]
[EventDate "2006.10.21"]

1. e4 c5 2. Nf3 e6 3. d3 d5 4. Nbd2 Nc6 5. g3 g6 6. Bg2 Bg7 7. O-O Nge7 8. Qe2
O-O 9. c4 dxc4 10. dxc4 e5 11. Rd1 Nd4 12. Nxd4 cxd4 13. Nb1 Qc7 14. b3 Be6 15.
Na3 Rfd8 16. Nb5 Qb6 17. Ba3 Bf8 18. Bd6 Rxd6 19. Nxd6 Qxd6 20. Qd2 Nc6 21. a3
Rd8 22. Bf1 b6 23. Bd3 Na5 24. Rdb1 Qe7 25. f4 Bh6 26. Qf2 f6 27. Qf3 Bf7 28.
f5 Be3+ 29. Kh1 g5 30. h4 h6 31. hxg5 Bxg5 32. Kg2 Kg7 33. Qe2 Rg8 34. b4 Nb7
35. Rh1 Kf8 36. Rh3 Be8 37. Kh1 Qg7 38. Rf1 Be3 39. Qg2 Nd6 40. Kh2 Bc6 41. Qc2
Qg4 42. c5 Nxe4 43. cxb6 Nc3 44. b5 Bb7 45. bxa7 h5 46. Qb3 Nd5 47. b6 Ke7 48.
Qc4 h4 49. Qc5+ Kf7 50. Bc4 hxg3+ 51. Kg2 Qe4+ 52. Rf3 Qc2+ 53. Kh1 g2+ 0-1

[Event "XXVIII Festival A"]
[Site "Arco ITA"]
[Date "2006.10.21"]
[Round "1"]
[White "Bortolotti, Silvano"]
[Black "Poletti, Fausto"]
[Result "0-1"]
[WhiteElo "1744"]
[BlackElo "2053"]
[PlyCount "72"]
[EventDate "2006.10.21"]

1. e4 c5 2. c3 Nf6 3. e5 Nd5 4. d4 cxd4 5. Bc4 Nb6 6. Bb3 dxc3 7. Nxc3 Nc6 8.
Nf3 e6 9. O-O d5 10. exd6 Bxd6 11. Ne4 Be7 12. Qe2 O-O 13. Rd1 Qc7 14. Bg5 h6
15. Be3 Bd7 16. Rac1 Rad8 17. g3 Bc8 18. Bf4 Rxd1+ 19. Rxd1 e5 20. Be3 Rd8 21.
Rxd8+ Qxd8 22. Qb5 Bf6 23. a4 Bg4 24. Kg2 Bxf3+ 25. Kxf3 Nd4+ 26. Bxd4 exd4 27.
a5 Nd7 28. Ke2 Ne5 29. Qd5 d3+ 30. Kd2 Qe7 31. f4 Nc6 32. Qxd3 Bxb2 33. Nd6 Nd8
34. Qd5 Bf6 35. Bc4 g6 36. Ne4 Kg7 0-1

[Event "XXVIII Festival A"]
[Site "Arco ITA"]
[Date "2006.10.21"]
[Round "1"]
[White "Bossoni, Mario"]
[Black "Heinig, Wolfram"]
[Result "0-1"]
[WhiteElo "1970"]
[BlackElo "2364"]
[PlyCount "50"]
[EventDate "2006.10.21"]

1. e4 c6 2. d4 d5 3. Nc3 dxe4 4. Nxe4 Bf5 5. Ng3 Bg6 6. Nh3 Nf6 7. Nf4 Nbd7 8.
h4 e5 9. Nxg6 hxg6 10. dxe5 Nxe5 11. Qxd8+ Rxd8 12. Bg5 Be7 13. Bxf6 Bxf6 14.
h5 Ke7 15. Be2 gxh5 16. Rxh5 g6 17. Rxh8 Rxh8 18. Kf1 Nd7 19. Kg1 Nc5 20. c3
Rd8 21. Nf1 a5 22. Re1 Kf8 23. f3 Re8 24. Kf2 Na4 25. Rb1 Bxc3 0-1

[Event "XXVIII Festival A"]
[Site "Arco ITA"]
[Date "2006.10.21"]
[Round "1"]
[White "Buck, Klaus-Michael"]
[Black "Mercandelli, Claudio"]
[Result "0-1"]
[WhiteElo "1665"]
[BlackElo "2020"]
[PlyCount "44"]
[EventDate "2006.10.21"]

1. d4 Nf6 2. Nf3 g6 3. c4 Bg7 4. Nc3 O-O 5. Bf4 d6 6. h3 Nc6 7. e4 Nd7 8. Be3
e5 9. d5 Ne7 10. Bd3 h6 11. Qc1 Kh7 12. g4 f5 13. gxf5 gxf5 14. exf5 Nxf5 15.
b4 Kh8 16. Bxf5 Rxf5 17. Bxh6 Rxf3 18. Rg1 Rf7 19. Ne4 Qh4 20. Bxg7+ Rxg7 21.
Rg4 Rxg4 22. hxg4 Qh1+ 0-1

[Event "XXVIII Festival A"]
[Site "Arco ITA"]
[Date "2006.10.21"]
[Round "1"]
[White "Burani, Eugenio"]
[Black "Moro, Roberto"]
[Result "1-0"]
[WhiteElo "2023"]
[BlackElo "1670"]
[PlyCount "71"]
[EventDate "2006.10.21"]

1. e4 c5 2. Nf3 Nc6 3. d4 cxd4 4. Nxd4 e5 5. Nb5 d6 6. N1c3 a6 7. Na3 b5 8. Nd5
Nf6 9. Bg5 Be7 10. Nxe7 Qxe7 11. c4 b4 12. Nc2 a5 13. f3 h6 14. Be3 O-O 15. Be2
Be6 16. O-O Rfd8 17. b3 Nh7 18. Bd3 a4 19. Qd2 axb3 20. axb3 Qb7 21. Rfb1 Nf6
22. Qe1 Ne7 23. Nxb4 Rxa1 24. Rxa1 Rb8 25. Nd5 Bxd5 26. cxd5 Ng6 27. Bc4 Nf4
28. Ra7 Qc8 29. Qa5 Nh7 30. Qc7 Qf8 31. Rb7 Re8 32. Ba7 Nf6 33. Rb8 Rxb8 34.
Bxb8 Ne8 35. Qd8 h5 36. Bb5 1-0

[Event "XXVIII Festival A"]
[Site "Arco ITA"]
[Date "2006.10.21"]
[Round "1"]
[White "Cardili, Mariano"]
[Black "Ludovici, Roberto"]
[Result "1-0"]
[WhiteElo "2079"]
[BlackElo "1774"]
[PlyCount "53"]
[EventDate "2006.10.21"]

1. d4 Nf6 2. c4 e6 3. Nc3 Bb4 4. e3 O-O 5. Nf3 Ne4 6. Qc2 f5 7. Bd3 Nxc3 8.
bxc3 Be7 9. e4 d6 10. O-O Nc6 11. Re1 Na5 12. exf5 exf5 13. d5 c5 14. Bf4 Bf6
15. h4 b6 16. Ng5 g6 17. Ne6 Bxe6 18. Rxe6 Nb7 19. Rae1 Bxh4 20. Bh6 Rf7 21.
Qe2 Rd7 22. Bc2 Kf7 23. Ba4 Re7 24. g4 fxg4 25. Qxg4 Bf6 26. Rxf6+ Kxf6 27.
Qf4# 1-0

[Event "XXVIII Festival A"]
[Site "Arco ITA"]
[Date "2006.10.21"]
[Round "1"]
[White "Cracco, Pietro"]
[Black "Idili, Leonardo"]
[Result "1/2-1/2"]
[WhiteElo "2039"]
[BlackElo "1710"]
[PlyCount "69"]
[EventDate "2006.10.21"]

1. c4 Nf6 2. g3 g6 3. Bg2 Bg7 4. Nc3 O-O 5. d3 d6 6. Bg5 c5 7. Qd2 Qb6 8. Nf3
Nc6 9. O-O Re8 10. Rab1 Be6 11. Bh6 Bh8 12. Ng5 Bd7 13. Qf4 Ne5 14. h3 Bg7 15.
Bxg7 Kxg7 16. Qh4 h6 17. Nge4 g5 18. Nxg5 hxg5 19. Qxg5+ Ng6 20. f4 Nh7 21. Qh5
Nf6 22. Qf3 Bc6 23. e4 Rh8 24. g4 Nh4 25. Qg3 Nxg2 26. Kxg2 Rag8 27. g5 Kf8 28.
Kf3 Bd7 29. Rh1 Qc7 30. Ke2 Nh5 31. Qe3 Bc6 32. Kd2 b6 33. Rbf1 Qb7 34. f5 f6
35. Rhg1 1/2-1/2

[Event "XXVIII Festival A"]
[Site "Arco ITA"]
[Date "2006.10.21"]
[Round "1"]
[White "Crea, Vincenzo"]
[Black "Rametta, Marcello"]
[Result "1-0"]
[WhiteElo "2092"]
[BlackElo "1780"]
[PlyCount "99"]
[EventDate "2006.10.21"]

1. d4 d5 2. Nf3 Nc6 3. Bf4 Bg4 4. Nbd2 e6 5. c3 Nf6 6. Qa4 Qd7 7. e3 a6 8. b4
Bd6 9. Bd3 O-O 10. Qc2 Bxf4 11. exf4 Bf5 12. Ne5 Bxd3 13. Qxd3 Qd6 14. O-O Na7
15. Rfe1 Nh5 16. Qf3 g6 17. g4 Ng7 18. Nf1 f6 19. Nd3 b6 20. Ng3 Nb5 21. Rac1
Na3 22. h4 Nc4 23. Qe2 Rae8 24. g5 Nf5 25. Qg4 Nd2 26. gxf6 Nxh4 27. Ne5 Nhf3+
28. Nxf3 Nxf3+ 29. Qxf3 Rxf6 30. Re5 Ref8 31. Ne2 c5 32. a3 c4 33. Qg4 Kh8 34.
Kh2 Qe7 35. Rg1 Rf5 36. Rg3 a5 37. Rge3 axb4 38. axb4 Qd7 39. Rxf5 Rxf5 40. Re5
Qe7 41. Kg2 Rf6 42. Ng1 Qf7 43. Nh3 h6 44. Kg3 b5 45. Re1 Qe7 46. Qe2 Kg7 47.
Ra1 Rf5 48. Ra6 Rh5 49. Qxe6 Qh4+ 50. Kg2 1-0

[Event "XXVIII Festival A"]
[Site "Arco ITA"]
[Date "2006.10.21"]
[Round "1"]
[White "Dalla Vecchia, Paolo"]
[Black "Vink, Wim"]
[Result "0-1"]
[WhiteElo "1802"]
[BlackElo "2118"]
[PlyCount "58"]
[EventDate "2006.10.21"]

1. d4 d5 2. Nf3 Nf6 3. Bf4 e6 4. e3 c5 5. c3 Nc6 6. Bd3 Bd6 7. Bg5 Qc7 8. Nbd2
Bd7 9. Qe2 h6 10. Bh4 cxd4 11. Nxd4 a6 12. Bg3 Bxg3 13. hxg3 e5 14. Nxc6 Bxc6
15. e4 O-O 16. O-O Rad8 17. Rfe1 d4 18. Rac1 Rfe8 19. f3 dxc3 20. Rxc3 Qb6+ 21.
Qe3 Qxb2 22. Rc2 Qd4 23. Qxd4 Rxd4 24. Bf1 Ba4 25. Rb2 Rc8 26. Nb3 Bxb3 27.
axb3 Rb4 28. Rd1 Kf8 29. Bc4 Rcxc4 0-1

[Event "XXVIII Festival A"]
[Site "Arco ITA"]
[Date "2006.10.21"]
[Round "1"]
[White "Dalponte, Dino"]
[Black "Fortunato, Vito"]
[Result "1-0"]
[WhiteElo "2140"]
[BlackElo "1866"]
[PlyCount "112"]
[EventDate "2006.10.21"]

1. d4 Nf6 2. Nf3 c5 3. e3 g6 4. c3 Bg7 5. Bd3 d5 6. Nbd2 b6 7. O-O Bb7 8. Ne5
O-O 9. Qe2 Nbd7 10. f4 Rc8 11. Qf3 e6 12. Nxd7 Qxd7 13. h3 Rc7 14. g4 Qc6 15.
g5 Ne4 16. h4 f6 17. Qh3 Rcf7 18. Nf3 f5 19. Kg2 Re7 20. Rh1 Qe8 21. Be2 h6 22.
gxh6 Bxh6 23. Bd2 Rh7 24. Rag1 Rff7 25. Kf1 Rfg7 26. Qg2 Kf8 27. Be1 Rh8 28.
Ne5 Rhg8 29. Bd3 Nf6 30. Rh2 Nd7 31. Bb5 a6 32. Bxd7 Rxd7 33. Nxg6+ Rxg6 34.
Qxg6 Qxg6 35. Rxg6 Rh7 36. Rxe6 cxd4 37. cxd4 b5 38. Rf6+ Ke7 39. Rxf5 Ke6 40.
Rh5 Kf6 41. Rg2 Bc8 42. Rg3 Bf5 43. Ba5 Be4 44. Bd8+ Kf7 45. Re5 Bf8 46. Rgg5
Bd6 47. Rxd5 Bxd5 48. Rxd5 Ke6 49. Rg5 Rh8 50. Rg6+ Kd7 51. Bf6 Re8 52. Kf2 Re6
53. Rg7+ Ke8 54. Bg5 Bf8 55. Rc7 Bb4 56. f5 Rd6 1-0

[Event "XXVIII Festival A"]
[Site "Arco ITA"]
[Date "2006.10.21"]
[Round "1"]
[White "De Nisi, Mario"]
[Black "Vuelban, Virgilio"]
[Result "0-1"]
[WhiteElo "1961"]
[BlackElo "2341"]
[PlyCount "66"]
[EventDate "2006.10.21"]

1. d4 Nf6 2. c4 g6 3. Nc3 Bg7 4. e4 d6 5. f3 O-O 6. Be3 Nc6 7. a3 a6 8. Bd3 e5
9. Nge2 Ng4 10. fxg4 exd4 11. Bf2 dxc3 12. Nxc3 Ne5 13. h3 Be6 14. Qe2 c6 15.
O-O b5 16. cxb5 axb5 17. Rfd1 Qe7 18. Na2 Nxd3 19. Qxd3 Bxb2 20. Nb4 Bxa1 21.
Rxa1 c5 22. Nc2 Bc4 23. Qf3 b4 24. a4 Rfe8 25. Ne3 Qxe4 26. Nxc4 Qxc4 27. Rf1
Rxa4 28. Bh4 Re2 29. Kh1 b3 30. Rb1 b2 31. Bf6 Qc1+ 32. Kh2 Qxb1 33. Qf4 Qc1
0-1

[Event "XXVIII Festival A"]
[Site "Arco ITA"]
[Date "2006.10.21"]
[Round "1"]
[White "De Santis, Alessio"]
[Black "Cottarelli, Franco"]
[Result "1-0"]
[WhiteElo "2337"]
[BlackElo "1958"]
[PlyCount "79"]
[EventDate "2006.10.21"]

1. d4 f5 2. g4 d5 3. g5 e6 4. h4 Bd6 5. Nf3 b6 6. a4 a5 7. Na3 Ba6 8. Nb5 Ne7
9. Nxd6+ Qxd6 10. c3 Nd7 11. h5 e5 12. dxe5 Nxe5 13. Nxe5 Qxe5 14. Rh4 c5 15.
Bf4 Qe6 16. Rh3 Rd8 17. e3 Bxf1 18. Kxf1 O-O 19. Qb3 Rde8 20. Rd1 Kh8 21. Kg2
Qc6 22. Kg3 Rc8 23. h6 g6 24. Be5+ Kg8 25. f4 Rfd8 26. Rh2 c4 27. Qa3 Qe6 28.
Re2 Nc6 29. Bf6 Rd7 30. Kf2 Re8 31. b3 d4 32. cxd4 Nb4 33. bxc4 Qxc4 34. Be5
Rc8 35. e4 fxe4 36. Qh3 Rdd8 37. d5 Nd3+ 38. Rxd3 exd3 39. Qe6+ Kf8 40. Bg7#
1-0

[Event "XXVIII Festival A"]
[Site "Arco ITA"]
[Date "2006.10.21"]
[Round "1"]
[White "Del Nevo, Claudio"]
[Black "Ager, Josef"]
[Result "0-1"]
[WhiteElo "1917"]
[BlackElo "2196"]
[PlyCount "58"]
[EventDate "2006.10.21"]

1. d4 Nf6 2. Nf3 g6 3. Bg5 Bg7 4. e3 d6 5. Bxf6 Bxf6 6. Bd3 Nd7 7. c3 Bg7 8.
Nbd2 c5 9. d5 Rb8 10. a4 b6 11. O-O O-O 12. Qe2 Bb7 13. e4 Qc8 14. a5 Qc7 15.
axb6 axb6 16. Ra7 Ra8 17. Rfa1 Rxa7 18. Rxa7 Ra8 19. Rxa8+ Bxa8 20. Nc4 b5 21.
Na3 b4 22. cxb4 cxb4 23. Nc4 Qa7 24. g3 Nc5 25. Kg2 Bb7 26. Bc2 Ba6 27. b3 Qb7
28. Nfd2 e6 29. Nxd6 Bxe2 0-1

[Event "XXVIII Festival A"]
[Site "Arco ITA"]
[Date "2006.10.21"]
[Round "1"]
[White "Di Lazzaro, Gabriele"]
[Black "Salvador, Roland"]
[Result "0-1"]
[WhiteElo "1986"]
[BlackElo "2455"]
[PlyCount "78"]
[EventDate "2006.10.21"]

1. e4 c5 2. Nf3 Nc6 3. c3 Nf6 4. e5 Nd5 5. d4 cxd4 6. cxd4 e6 7. a3 d6 8. Bd3
Qa5+ 9. Qd2 dxe5 10. Qxa5 Nxa5 11. Nbd2 exd4 12. Nxd4 Bd7 13. N2f3 Nc6 14. O-O
Nxd4 15. Nxd4 Bc5 16. Nf3 O-O 17. b4 Bb6 18. Bb2 Nf4 19. Be4 Bb5 20. Rfe1 Rac8
21. a4 Bd3 22. Nd4 Bxe4 23. Rxe4 Nd3 24. a5 Bxd4 25. Bxd4 Rc4 26. Rd1 Nxb4 27.
Re2 Rd8 28. Red2 Nc6 29. Bb2 Rxd2 30. Rxd2 Ra4 31. Bc3 Ra3 32. Rc2 h6 33. f3
Nxa5 34. Bxa5 Rxa5 35. Rc8+ Kh7 36. Rc7 Rb5 37. Rxf7 a5 38. Re7 a4 39. Rxe6 a3
0-1

[Event "XXVIII Festival A"]
[Site "Arco ITA"]
[Date "2006.10.21"]
[Round "1"]
[White "Dittmar, Peter"]
[Black "Bozzao, Francesco"]
[Result "1-0"]
[WhiteElo "2365"]
[BlackElo "1972"]
[PlyCount "107"]
[EventDate "2006.10.21"]

1. d4 Nf6 2. Bg5 Ne4 3. Bf4 e6 4. Nd2 Nxd2 5. Qxd2 d5 6. e3 Bd6 7. Bg3 c5 8.
dxc5 Bxc5 9. Qc3 Bf8 10. O-O-O Bd7 11. Qb3 Qb6 12. Qxb6 axb6 13. Kb1 Nc6 14.
Nf3 Be7 15. Be2 O-O 16. e4 Rfc8 17. c3 f6 18. exd5 exd5 19. Rhe1 Bf8 20. Nd4
Nxd4 21. Rxd4 Bf5+ 22. Bd3 Bxd3+ 23. Rxd3 b5 24. a3 Bxa3 25. bxa3 Rxa3 26. Bd6
Raxc3 27. Rxc3 Rxc3 28. Re8+ Kf7 29. Re7+ Kg6 30. Rxb7 d4 31. Rxb5 d3 32. Bf4
Rc2 33. Be3 Re2 34. Rd5 Rc2 35. Rxd3 Rc8 36. Rd7 h5 37. h4 Rc6 38. g3 Rc4 39.
Kb2 Rc6 40. Kb3 Rc8 41. Rd5 Rc6 42. Bc5 Rc8 43. Kc4 Re8 44. Kd3 Re6 45. Be3 Re8
46. Ke2 Re4 47. f4 Re7 48. f5+ Kf7 49. Kf3 Rb7 50. Ra5 Rb3 51. Ra8 Rb5 52. Ke4
Rb4+ 53. Bd4 Rb5 54. Rh8 1-0

[Event "XXVIII Festival A"]
[Site "Arco ITA"]
[Date "2006.10.21"]
[Round "1"]
[White "Drasko, Milan"]
[Black "Perich, Stefano"]
[Result "1-0"]
[WhiteElo "2547"]
[BlackElo "1998"]
[PlyCount "79"]
[EventDate "2006.10.21"]

1. d4 d5 2. c4 c6 3. e3 Nf6 4. Nc3 e6 5. Nf3 Bd6 6. Qc2 Nbd7 7. b3 a6 8. Be2 b5
9. O-O O-O 10. e4 dxe4 11. Ng5 Be7 12. Rd1 Bb7 13. Ngxe4 Nxe4 14. Nxe4 Nf6 15.
Nc5 Qb6 16. Be3 Rfd8 17. a4 Nd7 18. cxb5 cxb5 19. Nxb7 Qxb7 20. Bf3 Rac8 21.
Qxh7+ Kxh7 22. Bxb7 Rc3 23. Bxa6 bxa4 24. bxa4 Nb6 25. Bd2 Rb3 26. a5 Nd5 27.
Bc4 Rb7 28. a6 Ra7 29. Ba5 Rda8 30. g3 Bd8 31. Bxd5 exd5 32. Bxd8 Rxd8 33. Ra5
Rd6 34. Rda1 Kg6 35. Kg2 Kf5 36. Kf3 Ke6 37. h4 Rc6 38. Re1+ Kf6 39. Rxd5 Raxa6
40. Re4 1-0

[Event "XXVIII Festival A"]
[Site "Arco ITA"]
[Date "2006.10.21"]
[Round "1"]
[White "Gestrich, Wolfgang"]
[Black "Knors, Rudi"]
[Result "0-1"]
[WhiteElo "1762"]
[BlackElo "2071"]
[PlyCount "60"]
[EventDate "2006.10.21"]

1. c4 c6 2. Nc3 d5 3. cxd5 cxd5 4. d4 Nf6 5. g3 Nc6 6. Bg2 Bf5 7. a3 e6 8. e3
Bd6 9. Nge2 O-O 10. O-O Rc8 11. b4 a6 12. Bb2 b5 13. h3 h6 14. f4 h5 15. Kh2
Qb6 16. Re1 a5 17. bxa5 Nxa5 18. Bf1 Nc4 19. Bc1 Ra8 20. Qb3 Rfb8 21. a4 bxa4
22. Qxb6 Rxb6 23. Rxa4 Rxa4 24. Nxa4 Rb1 25. Nac3 Ra1 26. Nb5 Bb4 27. Nec3 Ne4
28. Bxc4 Nxc3 29. Bd2 Rxe1 30. Bxe1 Nxb5 0-1

[Event "XXVIII Festival A"]
[Site "Arco ITA"]
[Date "2006.10.21"]
[Round "1"]
[White "Hackbarth, Wolfgang"]
[Black "Marson, Antonio"]
[Result "1-0"]
[WhiteElo "2137"]
[BlackElo "1864"]
[PlyCount "114"]
[EventDate "2006.10.21"]

1. c4 c6 2. d4 d5 3. Nf3 dxc4 4. Qc2 Nf6 5. g3 Bg4 6. Nbd2 e6 7. Bg2 Be7 8. O-O
O-O 9. Nxc4 Nbd7 10. b3 Rc8 11. Bb2 Bf5 12. Qd1 h6 13. Nfe5 Bh7 14. e3 Nb6 15.
Qe2 Nfd7 16. f4 f5 17. Nxd7 Nxd7 18. Rfd1 Bg6 19. h3 h5 20. Bf3 Qe8 21. Kh2 b5
22. Nd2 Nf6 23. e4 Rc7 24. Rac1 Qf7 25. Rc2 Rfc8 26. Rdc1 Bb4 27. e5 Bxd2 28.
Rxd2 Nd5 29. a4 a6 30. Rdc2 Kh7 31. Bc3 c5 32. Ba5 Rc6 33. dxc5 Kh6 34. Be1 Qe7
35. b4 Be8 36. Qd3 Rd8 37. Qb3 Rc7 38. Rg2 Bc6 39. Rf2 h4 40. g4 Nxf4 41. Bxc6
Nd3 42. Bg2 g5 43. Rd1 Nxf2 44. Rxd8 Nxg4+ 45. hxg4 Qxd8 46. Qxe6+ Kh7 47. gxf5
Qd4 48. Qg6+ Kh8 49. Qh6+ Kg8 50. Qe6+ Kh7 51. Bd5 Qf4+ 52. Kg2 h3+ 53. Kxh3
g4+ 54. Kg2 Rg7 55. f6 Rg6 56. Qe7+ Kh6 57. f7 Kh5 1-0

[Event "XXVIII Festival A"]
[Site "Arco ITA"]
[Date "2006.10.21"]
[Round "1"]
[White "Isonzo, David"]
[Black "Antoniacci, Riccardo"]
[Result "1-0"]
[WhiteElo "2345"]
[BlackElo "1969"]
[PlyCount "69"]
[EventDate "2006.10.21"]

1. e4 e5 2. Nf3 Nc6 3. Bb5 a6 4. Bxc6 dxc6 5. O-O Bg4 6. h3 Bxf3 7. Qxf3 Qf6 8.
Qg3 Bd6 9. d3 h6 10. Nd2 g5 11. Nc4 Ne7 12. d4 Ng6 13. dxe5 Bxe5 14. Nxe5 Qxe5
15. Qxe5+ Nxe5 16. f4 gxf4 17. Bxf4 f6 18. Rad1 Ke7 19. Bxe5 fxe5 20. Rf5 Ke6
21. Rdf1 Rae8 22. Rf7 Re7 23. R1f6+ Kd7 24. g4 Rh7 25. Rxh7 Rxh7 26. Kf2 Ke7
27. Rf5 Ke6 28. Ke2 Rg7 29. Rh5 Rg6 30. Kf3 a5 31. h4 b5 32. g5 hxg5 33. hxg5
Rg8 34. Rh6+ Kd7 35. Kg4 1-0

[Event "XXVIII Festival A"]
[Site "Arco ITA"]
[Date "2006.10.21"]
[Round "1"]
[White "Kern, Beat"]
[Black "Giuriato, Sergio"]
[Result "0-1"]
[WhiteElo "1733"]
[BlackElo "2013"]
[PlyCount "104"]
[EventDate "2006.10.21"]

1. e4 Nc6 2. Nf3 e5 3. Bb5 a6 4. Ba4 Nf6 5. O-O Be7 6. Re1 b5 7. Bb3 O-O 8. c3
d6 9. h3 Na5 10. Bc2 c5 11. d4 Qc7 12. Bg5 Bd7 13. d5 Nc4 14. b3 Nb6 15. Nbd2
Kh8 16. c4 Ng8 17. Qe2 Bxg5 18. Nxg5 g6 19. a3 Qd8 20. Qe3 Qe7 21. Bd3 h6 22.
Ngf3 f5 23. Qe2 Qe8 24. b4 bxc4 25. Nxc4 Nxc4 26. Bxc4 cxb4 27. axb4 Nf6 28.
Nd2 fxe4 29. Nxe4 Nxe4 30. Qxe4 Qf7 31. Qe2 Rab8 32. Bd3 Rxb4 33. Rxa6 Qxd5 34.
Be4 Qc5 35. Qe3 Qxe3 36. Rxe3 Rd4 37. Bxg6 Rd1+ 38. Kh2 Rxf2 39. Rg3 Rf8 40.
Ra7 Rd8 41. h4 Rd4 42. h5 Rf4 43. Rd3 Be6 44. Rh7+ Kg8 45. Rxh6 Kg7 46. Rh7+
Kf6 47. Rg3 e4 48. Kg1 d5 49. Rh6 Ke5 50. Rg5+ Kd4 51. g3 Rf6 52. Rh7 Rdf8 0-1

[Event "XXVIII Festival A"]
[Site "Arco ITA"]
[Date "2006.10.21"]
[Round "1"]
[White "La Malfa, Stelio"]
[Black "Visser, Eddy"]
[Result "0-1"]
[WhiteElo "1879"]
[BlackElo "2140"]
[PlyCount "62"]
[EventDate "2006.10.21"]

1. e4 e6 2. d4 d5 3. Nc3 Bb4 4. e5 c5 5. a3 Bxc3+ 6. bxc3 Ne7 7. Nf3 Bd7 8. Bd3
Ba4 9. O-O Qc7 10. Be3 c4 11. Be2 Nbc6 12. Rb1 h6 13. h3 O-O-O 14. Nd2 g5 15.
g4 Rdg8 16. Kg2 Ng6 17. f4 gxf4 18. Bxf4 Nxf4+ 19. Rxf4 f5 20. Kh1 Ne7 21. gxf5
Nxf5 22. Nf1 h5 23. Rb4 Qg7 24. Bg4 hxg4 25. Rxf5 exf5 26. Rxa4 gxh3 27. Ne3
Qg2+ 28. Nxg2 hxg2+ 29. Kg1 Rh1+ 30. Kf2 Rxd1 31. Kf3 g1=Q 0-1

[Event "XXVIII Festival A"]
[Site "Arco ITA"]
[Date "2006.10.21"]
[Round "1"]
[White "La Manna, Andrea"]
[Black "Luciani, Carlo"]
[Result "0-1"]
[WhiteElo "1931"]
[BlackElo "2236"]
[PlyCount "72"]
[EventDate "2006.10.21"]

1. d4 Nf6 2. c4 g6 3. Nc3 Bg7 4. e4 d6 5. f3 O-O 6. Be3 b6 7. Bd3 a6 8. Nge2 c5
9. d5 e6 10. Rb1 Nbd7 11. a3 Ne5 12. O-O Qc7 13. b4 Nfd7 14. Na4 Nxd3 15. Qxd3
b5 16. cxb5 axb5 17. dxe6 fxe6 18. bxc5 Rxa4 19. cxd6 Qc4 20. Rfd1 Qxd3 21.
Rxd3 Ne5 22. Rdd1 Bd7 23. Bc5 Nc4 24. Rd3 Rfa8 25. Rbb3 Bb2 26. Nc3 Bxc3 27.
Rbxc3 e5 28. Bb4 Kf7 29. g3 g5 30. f4 gxf4 31. gxf4 exf4 32. Rd5 Re8 33. e5
Rxe5 34. Rd4 Rf5 35. Rf3 Ne5 36. Rfxf4 Nf3+ 0-1

[Event "XXVIII Festival A"]
[Site "Arco ITA"]
[Date "2006.10.21"]
[Round "1"]
[White "La Manna, Francesco"]
[Black "Catalano, Luigi"]
[Result "1-0"]
[WhiteElo "2119"]
[BlackElo "1808"]
[PlyCount "143"]
[EventDate "2006.10.21"]

1. d4 g6 2. c4 Bg7 3. e4 e6 4. Nc3 Nc6 5. Be3 Nge7 6. d5 Nb4 7. a3 Na6 8. Bd3
d6 9. Nge2 Nc5 10. b4 Nxd3+ 11. Qxd3 e5 12. O-O O-O 13. Rfc1 f5 14. f3 f4 15.
Bf2 g5 16. c5 a6 17. cxd6 cxd6 18. Na4 Bd7 19. Nb6 Rb8 20. Rc3 Nc8 21. Nxd7
Qxd7 22. Rac1 b5 23. Rc7 Qd8 24. R1c3 Rf7 25. Qc2 Rxc7 26. Rxc7 Bf8 27. Nc1 Ne7
28. Nb3 Rc8 29. Rxc8 Qxc8 30. Qxc8 Nxc8 31. Na5 Ne7 32. Nc6 Kf7 33. Nb8 Ke8 34.
Bb6 Nc8 35. Ba5 Be7 36. Nxa6 Bd8 37. Nc7+ Bxc7 38. Bxc7 Kd7 39. Ba5 Ne7 40. Bb6
Ng8 41. Bf2 Nf6 42. Kf1 g4 43. Bh4 Ne8 44. fxg4 h6 45. Ke2 Nc7 46. Kd3 Na8 47.
Bf2 Nc7 48. Kc3 Ne8 49. Bh4 Nc7 50. Kb3 Kc8 51. Be7 Kd7 52. Bf8 Ne8 53. Bxh6
Nf6 54. g5 Nxe4 55. g6 Nf6 56. Bg5 Nh5 57. a4 bxa4+ 58. Kxa4 Kc7 59. Bh6 Nf6
60. g7 Ng8 61. Bg5 Kd7 62. b5 e4 63. Bxf4 Kc7 64. h4 Kb6 65. h5 Kc5 66. h6 Nf6
67. Bg5 e3 68. Bxf6 e2 69. Bh4 Kxd5 70. g8=Q+ Kc5 71. h7 e1=Q 72. Bxe1 1-0

[Event "XXVIII Festival A"]
[Site "Arco ITA"]
[Date "2006.10.21"]
[Round "1"]
[White "Mora, Massimo"]
[Black "Astengo, Corrado"]
[Result "1-0"]
[WhiteElo "1847"]
[BlackElo "2128"]
[PlyCount "125"]
[EventDate "2006.10.21"]

1. Nf3 d5 2. c4 e6 3. g3 b6 4. Bg2 Bb7 5. cxd5 exd5 6. O-O Nf6 7. d4 Bd6 8. Nc3
a6 9. Bg5 Nbd7 10. Rc1 O-O 11. Nd2 h6 12. Bxf6 Nxf6 13. Qb3 Re8 14. e3 Ne4 15.
Qc2 Nxc3 16. Qxc3 Qe7 17. Nf3 Rac8 18. Bh3 Rcd8 19. Nh4 g6 20. Qd3 Qe4 21. Qd2
Bc8 22. Bg2 Qe7 23. Qc2 Bb7 24. Rfd1 c5 25. Nf3 c4 26. Re1 b5 27. Nd2 Bb4 28.
Re2 Qf6 29. a3 Ba5 30. b4 Bb6 31. Nf3 Bc8 32. Ne5 Bf5 33. Qc3 Qe6 34. f4 f6 35.
Nf3 Bd3 36. Ree1 Ra8 37. Kf2 a5 38. Rcd1 axb4 39. axb4 Ra4 40. Rxd3 cxd3 41.
Qxd3 Rxb4 42. Qxg6+ Kf8 43. Qxh6+ Ke7 44. Qh7+ Qf7 45. Qf5 Qe6 46. Nh4 Rb2+ 47.
Kf1 Qxf5 48. Nxf5+ Kd7 49. Re2 Rxe2 50. Kxe2 Kc6 51. h4 b4 52. Kd3 Ra8 53. Bf3
Bd8 54. Kc2 Ra2+ 55. Kb3 Rf2 56. Bh5 Ba5 57. g4 Kb5 58. Be8+ Kb6 59. h5 Rg2 60.
h6 Rg1 61. h7 Rb1+ 62. Kc2 Rh1 63. Bh5 1-0